Guide to adoption practice (Record no. 495440)

000 -LEADER
fixed length control field 00439cam a22001097a 4500
008 - FIXED-LENGTH DATA ELEMENTS--GENERAL INFORMATION
fixed length control field 180718b1970 xxu||||| |||| 00| 0 eng d
082 ## - DEWEY DECIMAL CLASSIFICATION NUMBER
Classification number Q436x42 Un3g
245 ## - TITLE STATEMENT
Title Guide to adoption practice
Statement of responsibility, etc. by Advisory Councils on Child Care For England And Wales And For Scotland, London
260 ## - PUBLICATION, DISTRIBUTION, ETC.
Place of publication, distribution, etc. London
Name of publisher, distributor, etc. Her majesty's Stationery Office
Date of publication, distribution, etc. 1970
300 ## - PHYSICAL DESCRIPTION
Extent 152p.
700 ## - ADDED ENTRY--PERSONAL NAME
Personal name U.K.Advisory Councils on Child Care For England And Wales And For Scotland
Holdings
Withdrawn status Lost status Damaged status Not for loan Permanent Location Current Location Date acquired Full call number Barcode Date last seen Price effective from Koha item type
        Indian Institute of Public Administration Indian Institute of Public Administration 2018-08-04 Q436x42 Un3g G10291 2018-08-04 2018-08-04 G

Powered by Koha